| 000 | 01873nam0a2200325 4500 | ||
|---|---|---|---|
| 001 | RU\NLR\BIBL_A\011487143 | ||
| 005 | 20260407073425.0 | ||
| 035 | _a(NLR Aleph) 011487143 | ||
| 090 |
_a11926208 _c11926208 |
||
| 100 | _a20171003d1964 |||y0rusy50 ca | ||
| 101 | 0 | _arus | |
| 102 | _aRU | ||
| 105 | _aac z 001zd | ||
| 200 | 1 |
_aЖивопись XIV- XVI веков _e[альбом] _fГосударственный Эрмитаж _g[составители: С. Н. Всеволожская и др. _gредакторы [и авторы вступительных статей]: М. И. Артамонов и В. ф. Левинсон-Лессинг |
|
| 210 |
_aЛенинград _aПрага _cСоветский художник _cАртия _d1964 |
||
| 215 |
_aXXXIX, [3] c., 90 л. ил.. цв. ил. _d32 |
||
| 320 | _aБиблиогр. в тексте | ||
| 601 | 0 | 2 |
_aГосударственный Эрмитаж _cСанкт-Петербург, город _jАльбомы _xКоллекция живописи _92367713 _3RU\NLR\AUTH\661413429 |
| 606 | 1 |
_aЖивопись _jАльбомы _yЕвропа Западная _z14 - 16 вв. _92575466 _3RU\NLR\AUTH\661522808 |
|
| 686 | 1 | _aЩ143(0)43я61 | |
| 686 | 1 | _aЩ101.3(2Р)-2Санкт-Петербург2Эрмитаж я61 | |
| 702 | 1 |
_4340 _7ca _8rus _aАртамонов _bМ. И. _f1898-1972 _gМихаил Илларионович _9218384 _3RU\NLR\AUTH\770218440 |
|
| 702 | 1 |
_4220 _7ca _8rus _aВсеволожская _bС. Н. _f1930-2007 _gСветлана Николаевна _3RU\NLR\AUTH\770281120 _92653087 |
|
| 711 | 0 | 2 |
_aЭрмитаж _cЛенинград _3RU\NLR\AUTH\883314 _9277858 |
| 942 | _cBOOK | ||
| 980 | _aNB | ||